Трубопроводный транспорт нефти, нефтепродуктов и газа для неспециалистов

Podrobná bibliografie
Hlavní autor: Лурье М. В.
Shrnutí:В книге в простой и доступной форме излагаются основы базовых технологий трубопроводного транспорта нефти, нефтепродуктов и газа, описываются принципы работы трубопроводов, а также их отдельных элементов. Для удобства чтения материал книги разделен на три части: трубопроводный транспорт нефти, трубопроводный транспорт нефтепродуктов (бензинов, керосинов, дизельных топлив)и трубопроводный транспорт природного газа, включая его транспортировку по трубам, распределение и подземное хранение. В конце каждой части приводится список литературы, рекомендуемой для более детального ознакомления с материалом, изложенным в этой части. Книга предназначена работникам нефтегазовых и смежных отраслей производства, не являющихся специалистами в области трубопроводного транспорта, а также широкому кругу читателей, интересующихся проблемами техники.
Jazyk:ruština
Vydáno: Москва, ЦентрЛитНефтеГаз, 2012
Témata:
Médium: Kniha
KOHA link:https://koha.lib.tpu.ru/cgi-bin/koha/opac-detail.pl?biblionumber=216843

MARC

LEADER 00000nam0a2200000 4500
001 216843
005 20231101230053.0
010 |a 9785902665670 
035 |a (RuTPU)RU\TPU\book\236818 
090 |a 216843 
100 |a 20120529d2012 km y0rusy50 ca 
101 0 |a rus 
102 |a RU 
105 |a a z 001zy 
200 1 |a Трубопроводный транспорт нефти, нефтепродуктов и газа для неспециалистов  |f М. В. Лурье 
210 |a Москва  |c ЦентрЛитНефтеГаз  |d 2012 
215 |a 148 с.  |c ил. 
320 |a Библиография в конце разделов. 
330 |a В книге в простой и доступной форме излагаются основы базовых технологий трубопроводного транспорта нефти, нефтепродуктов и газа, описываются принципы работы трубопроводов, а также их отдельных элементов. Для удобства чтения материал книги разделен на три части: трубопроводный транспорт нефти, трубопроводный транспорт нефтепродуктов (бензинов, керосинов, дизельных топлив)и трубопроводный транспорт природного газа, включая его транспортировку по трубам, распределение и подземное хранение. В конце каждой части приводится список литературы, рекомендуемой для более детального ознакомления с материалом, изложенным в этой части. Книга предназначена работникам нефтегазовых и смежных отраслей производства, не являющихся специалистами в области трубопроводного транспорта, а также широкому кругу читателей, интересующихся проблемами техники. 
606 1 |a Газонефтепроводы  |2 stltpush  |3 (RuTPU)RU\TPU\subj\5087  |9 33248 
610 1 |a нефть 
610 1 |a нефтепродукты 
610 1 |a газ 
610 1 |a трубопроводный транспорт 
610 1 |a устройство 
610 1 |a работа 
610 1 |a распределение 
610 1 |a подземное хранение 
610 1 |a нефтеперекачивающие станции 
675 |a 622.692  |v 3 
700 1 |a Лурье  |b М. В. 
801 1 |a RU  |b 63413507  |c 20120529 
801 2 |a RU  |b 63413507  |c 20151112  |g RCR 
900 |a Трубопроводный транспорт нефти и газа 
942 |c BK 
959 |a 86/20120529  |d 5  |e 500,00  |f ЧЗТЛ:1  |f АНЛ:1  |f УФ:3 
959 |a 26/20130207  |d 10  |e 500,00  |f УФ:10